[Event "10th EICC"]
[Site "Budva MNE"]
[Date "2009.03.09"]
[Round "4"]
[White "Can,E"]
[Black "Andersson,U"]
[Result "0-1"]
[WhiteElo "2471"]
[BlackElo "2571"]
[EventDate "2009.03.06"]

1. e4 e6 2. d4 d5 3. Nd2 c5 4. exd5 Qxd5 5. dxc5 Bxc5 6. Ngf3 Nf6 7. Bc4
Qc6 8. Qe2 a6 9. O-O Nbd7 10. a4 b6 11. Nb3 Bb7 12. Nxc5 bxc5 13. a5 O-O
14. Ra3 Rfd8 15. Bg5 h6 16. Bh4 Re8 17. Rb3 Nd5 18. Rd1 f6 19. Bg3 Nf8 20.
Ne1 Rad8 21. f3 Kh8 22. Nd3 e5 23. Qe4 Ne6 24. Bf2 Ba8 25. Ne1 Nd4 26. Ra3
f5 27. Bxd5 Rxd5 28. Qd3 Red8 29. Rb1 Nb5 30. Qxf5 Nxa3 31. bxa3 Qd7 32.
Qxd7 R5xd7 33. Rb6 e4 34. Rxa6 Rd1 35. Bh4 Re8 36. Ra7 exf3 0-1

[Event "10th EICC"]
[Site "Budva MNE"]
[Date "2009.03.09"]
[Round "4"]
[White "Pap,M"]
[Black "Pikula,D"]
[Result "1/2-1/2"]
[WhiteElo "2469"]
[BlackElo "2570"]
[EventDate "2009.03.06"]

1. e4 c5 2. c3 d5 3. exd5 Qxd5 4. d4 Nf6 5. Nf3 e6 6. Bd3 Nc6 7. a3 cxd4 8.
cxd4 Be7 9. Nc3 Qd6 10. O-O O-O 11. Be3 b6 12. Qe2 Bb7 13. Rad1 Rad8 14.
Bb1 Rfe8 15. Rfe1 Qb8 16. Bg5 g6 17. h3 Nd5 18. Nxd5 Rxd5 19. Be4 Rdd8 20.
Qb5 Bxg5 21. Qxg5 Kg7 22. Bxc6 Bxc6 23. Ne5 h6 24. Qh4 Bd5 25. Ng4 Qf4 26.
Qg3 Qxg3 27. fxg3 Bb7 28. Rf1 Re7 29. Nf6 Rc7 30. Rd2 Ba6 31. Rf3 Rc1+ 32.
Kh2 Bb7 33. Rff2 Rc4 34. Ng4 Rcxd4 35. Rxd4 Rxd4 36. Ne5 f5 37. Rc2 Kf6 38.
Rc7 Be4 39. Nd7+ Ke7 40. Nxb6+ Kd6 41. Rd7+ Ke5 42. Rxa7 Rd1 43. Nd7+ Kd6
44. Nf8 Bc6 45. Nxg6 Rd2 46. Nh4 Rxb2 47. Rh7 Ra2 48. Rxh6 Be4 49. g4 fxg4
50. hxg4 Rxa3 51. Nf3 Bxf3 52. Rh3 Ra2 53. Rxf3 e5 54. g5 e4 55. Rg3 Ke7
56. Re3 Ra4 57. Kg3 Kf7 58. Kf4 Kg6 59. Rxe4 Rxe4+ 60. Kxe4 Kxg5 1/2-1/2

[Event "10th EICC"]
[Site "Budva MNE"]
[Date "2009.03.09"]
[Round "4"]
[White "Kotanjian,T"]
[Black "Talla,V"]
[Result "1-0"]
[WhiteElo "2568"]
[BlackElo "2407"]
[EventDate "2009.03.06"]

1. d4 Nf6 2. c4 g6 3. Nc3 Bg7 4. e4 d6 5. Nf3 O-O 6. Be2 e5 7. O-O Nc6 8.
d5 Ne7 9. b4 c6 10. Rb1 cxd5 11. cxd5 Ne8 12. Nd2 f5 13. f3 f4 14. Qb3 h5
15. Nd1 g5 16. Nf2 Kh8 17. b5 Ng8 18. Nc4 Nh6 19. h3 Rf6 20. b6 a6 21. Ba3
Rg6 22. Rfc1 Bf6 23. Rc3 g4 24. fxg4 hxg4 25. Nxg4 Bxg4 26. hxg4 Bh4 27.
Rh3 Bg5 28. Na5 Qd7 29. Rc1 Kg8 30. Rc6 Rb8 31. Rc2 Nxg4 32. Nc6 Ra8 33.
Bc1 Nh6 34. Bb2 Ng4 35. Bxg4 Qxg4 36. Nxe5 dxe5 37. d6+ Kg7 38. Bxe5+ Bf6
39. Bxf6+ Rxf6 40. e5 Rg6 41. Kh2 f3 42. Qxf3 Qxf3 43. Rxf3 Rd8 44. Rc7+
Kh6 45. Rxb7 Re6 46. Re7 Rxe7 47. dxe7 Rd7 48. Rf8 Rxe7 49. b7 Rxb7 50.
Rxe8 Kg5 51. Re6 Rb5 52. Rxa6 Rxe5 53. a4 Re4 54. Ra5+ Kg6 55. Kh3 Rc4 56.
g4 Rc1 57. Rb5 Rc4 58. a5 Rc1 59. Kg3 Rf1 60. Rc5 Kh6 61. Rc4 Ra1 62. Rc6+
Kg5 63. Rc5+ Kg6 64. Kf3 Ra3+ 65. Ke4 Ra4+ 66. Kd5 Rxg4 67. Kc6 Ra4 68. Kb6
Rb4+ 69. Rb5 Re4 70. a6 Re6+ 71. Ka5 Re7 72. Rc5 1-0

[Event "10th EICC"]
[Site "Budva MNE"]
[Date "2009.03.09"]
[Round "4"]
[White "Zueger,B"]
[Black "Perunovic,Mil"]
[Result "1/2-1/2"]
[WhiteElo "2408"]
[BlackElo "2568"]
[EventDate "2009.03.06"]

1. c4 Nf6 2. Nf3 e6 3. g3 d5 4. Bg2 dxc4 5. Qa4+ c6 6. Qxc4 b5 7. Qc2 Bb7
8. O-O Nbd7 9. d3 c5 10. a4 a6 11. Bg5 Be7 12. axb5 axb5 13. Rxa8 Qxa8 14.
Nc3 Bc6 15. Nh4 b4 16. Bxc6 Qxc6 17. Na4 1/2-1/2

[Event "10th EICC"]
[Site "Budva MNE"]
[Date "2009.03.09"]
[Round "4"]
[White "Rasulov,Vu"]
[Black "Saric,Iv"]
[Result "1/2-1/2"]
[WhiteElo "2391"]
[BlackElo "2566"]
[EventDate "2009.03.06"]

1. e4 c5 2. Nf3 d6 3. d4 cxd4 4. Nxd4 Nf6 5. Nc3 Bd7 6. f3 e5 7. Nb3 Be7 8.
Be3 O-O 9. Qd2 a5 10. a4 Na6 11. Nb5 Bc6 12. Nxa5 d5 13. exd5 Nxd5 14. Nxc6
bxc6 15. Na3 Nxe3 16. Qxe3 Qa5+ 17. c3 Qxa4 18. Bd3 Nc5 19. Bc2 Qa6 20. b4
Ne6 21. Bd3 Qa7 22. Qxa7 Rxa7 23. Kf2 Rd8 24. Be2 Rd2 25. g3 g6 26. Nc4
Rxa1 27. Rxa1 Rc2 28. Ra8+ Kg7 29. Ra3 Bxb4 30. cxb4 Nd4 31. Re3 Nxe2 32.
Na3 1/2-1/2

[Event "10th EICC"]
[Site "Budva MNE"]
[Date "2009.03.09"]
[Round "4"]
[White "Marinkovic,Sl"]
[Black "Andriasian,Z"]
[Result "1/2-1/2"]
[WhiteElo "2388"]
[BlackElo "2564"]
[EventDate "2009.03.06"]

1. e4 c5 2. Nf3 d6 3. d4 cxd4 4. Nxd4 Nf6 5. Nc3 a6 6. g3 e5 7. Nb3 Be7 8.
Bg2 O-O 9. O-O Bg4 10. Qd3 Qc7 11. Bd2 Nbd7 12. h3 Be6 13. Nd5 Bxd5 14.
exd5 Rfc8 15. Rfc1 Bf8 16. Na5 e4 17. Qe2 Re8 18. c4 Ne5 19. b4 b6 20. Nb3
Rac8 21. Bg5 Be7 22. Nd2 Nd3 23. Rcb1 b5 24. cxb5 Nxd5 25. Nxe4 N3xb4 26.
Rc1 1/2-1/2

[Event "10th EICC"]
[Site "Budva MNE"]
[Date "2009.03.09"]
[Round "4"]
[White "Iljushin,A"]
[Black "Leniart,A"]
[Result "1-0"]
[WhiteElo "2564"]
[BlackElo "2360"]
[EventDate "2009.03.06"]

1. d4 Nf6 2. c4 g6 3. Nc3 d5 4. Bg5 Ne4 5. Bh4 c5 6. cxd5 Nxc3 7. bxc3 Qxd5
8. e3 Nc6 9. Qf3 Qxf3 10. Nxf3 Bg7 11. Rb1 O-O 12. Bd3 e5 13. d5 e4 14.
Bxe4 Bxc3+ 15. Ke2 Nb4 16. Rhc1 f5 17. Bd3 Bf6 18. Bxf6 Nxd3 19. Kxd3 Rxf6
20. Rxc5 Rd6 21. Kd4 b6 22. Rc6 Rd8 23. Ne5 Bb7 24. f3 Bxc6 25. Nxc6 Rd7
26. Rc1 Rf8 27. Ne5 Re7 28. d6 Rd8 29. Kd5 Rb7 30. e4 fxe4 31. fxe4 b5 32.
Nc6 Rf8 33. e5 b4 34. Nd4 a5 35. e6 a4 36. d7 1-0

[Event "10th EICC"]
[Site "Budva MNE"]
[Date "2009.03.09"]
[Round "4"]
[White "Beliavsky,A"]
[Black "Erdogdu,M"]
[Result "1/2-1/2"]
[WhiteElo "2646"]
[BlackElo "2460"]
[EventDate "2009.03.06"]

1. d4 Nf6 2. c4 g6 3. Nc3 Bg7 4. e4 d6 5. Nf3 O-O 6. Be2 e5 7. O-O Nc6 8.
d5 Ne7 9. Nd2 a5 10. a3 Bd7 11. b3 c6 12. Bb2 Bh6 13. Kh1 c5 14. Nf3 Ne8
15. Bc1 Bxc1 16. Qxc1 Nc8 17. Ng1 Ng7 18. f4 f6 19. Rb1 Qe7 20. b4 axb4 21.
axb4 exf4 22. Qxf4 cxb4 23. Rxb4 b6 24. Rbb1 f5 25. Qh6 Ne8 26. exf5 Rxf5
27. Bd3 Rxf1 28. Rxf1 Qg7 29. Qf4 Ne7 30. Nge2 Nf5 31. Bxf5 Bxf5 32. h3 Qe5
33. Qf2 Nf6 34. Nd4 Bd3 35. Re1 Be4 36. Kg1 Ra3 37. Qe3 Bd3 38. Qf2 Be4 39.
Nce2 Ra2 40. Rf1 Bf5 41. g4 Ne4 42. Qf4 Qxf4 43. Nxf4 Nd2 44. gxf5 Nxf1 45.
Kxf1 Ra4 46. Ke2 Rxc4 47. Kd3 Ra4 48. fxg6 hxg6 49. Nxg6 Ra3+ 50. Kc4 Rxh3
51. Ne7+ Kf8 52. Nef5 Ke8 53. Nxd6+ Kd7 54. N6f5 Rh1 1/2-1/2

[Event "10th EICC"]
[Site "Budva MNE"]
[Date "2009.03.09"]
[Round "4"]
[White "Khenkin,I"]
[Black "Papadopoulos,I"]
[Result "1-0"]
[WhiteElo "2644"]
[BlackElo "2455"]
[EventDate "2009.03.06"]

1. Nf3 Nf6 2. g3 d5 3. Bg2 c6 4. O-O Bg4 5. d4 Nbd7 6. Nbd2 e6 7. Re1 Be7
8. e4 dxe4 9. Nxe4 Nxe4 10. Rxe4 Nf6 11. Re1 O-O 12. c3 Qc7 13. Qb3 Rad8
14. Ne5 Bh5 15. a4 Nd5 16. a5 c5 17. dxc5 Bxc5 18. Nd3 b6 19. c4 Ne7 20.
Nxc5 bxc5 21. Bf4 Qc8 22. Qb7 Qxb7 23. Bxb7 Nf5 24. Re5 g5 25. Bxg5 f6 26.
Rxf5 exf5 27. Be3 Rd7 28. a6 Rb8 29. Bxc5 Rbxb7 30. axb7 Rxb7 31. Bd4 Rb4
32. Bxf6 Rxc4 33. Rxa7 Bf3 34. Bc3 h5 35. Rg7+ Kf8 36. Rg5 f4 37. Rf5+ Kg8
38. Rxf4 Rxf4 39. gxf4 Be4 40. b4 Kf7 41. b5 Ke6 42. b6 Bf3 43. Kf1 Bb7 44.
Ke2 Kf5 45. Ke3 Ba8 46. Be5 1-0

[Event "10th EICC"]
[Site "Budva MNE"]
[Date "2009.03.09"]
[Round "4"]
[White "Smirnov,Arte"]
[Black "Ivanisevic,I"]
[Result "0-1"]
[WhiteElo "2449"]
[BlackElo "2628"]
[EventDate "2009.03.06"]

1. d4 Nf6 2. Bg5 d5 3. e3 c5 4. c3 Nbd7 5. Nf3 Ne4 6. Bf4 e6 7. h3 Be7 8.
Nbd2 O-O 9. Be2 Nxd2 10. Qxd2 b6 11. O-O Bb7 12. Bd3 c4 13. Bc2 b5 14. Qe2
f6 15. Rfe1 Rf7 16. b3 Nf8 17. a4 a6 18. bxc4 bxc4 19. Reb1 Bc6 20. a5 Qd7
21. Bg3 Bd8 22. h4 Rc8 23. h5 Qa7 24. e4 Rb7 25. Bd6 Rxb1+ 26. Bxb1 Qf7 27.
Nd2 Nd7 28. Nf1 e5 29. dxe5 fxe5 30. Ba2 Bxa5 31. Ne3 Bxc3 32. Rd1 Ba4 33.
Nf5 Re8 34. Qg4 Kh8 35. exd5 0-1

[Event "10th EICC"]
[Site "Budva MNE"]
[Date "2009.03.09"]
[Round "4"]
[White "Nepomniachtchi,I"]
[Black "Haznedaroglu,K"]
[Result "1/2-1/2"]
[WhiteElo "2628"]
[BlackElo "2451"]
[EventDate "2009.03.06"]

1. e4 c5 2. Nf3 Nc6 3. d4 cxd4 4. Nxd4 Qb6 5. Nb3 Nf6 6. Nc3 e6 7. Qe2 Bb4
8. Bd2 O-O 9. e5 Nd5 10. Nxd5 exd5 11. O-O-O d6 12. Be3 d4 13. Bxd4 Nxd4
14. Rxd4 dxe5 15. Qxe5 Be6 16. Qb5 Qxb5 17. Bxb5 Be7 18. Bd7 Bxb3 19. axb3
Bc5 20. Rd2 Rfd8 21. Rhd1 Bb6 22. c3 g6 23. Kc2 h5 24. h4 a5 25. g3 Kg7 26.
f4 Bc5 27. Rd3 b6 28. f5 Ra7 29. R1d2 Rc7 30. Kd1 Kf6 31. fxg6 fxg6 32. Ke2
Ke7 33. Bb5 Rxd3 34. Rxd3 Kf6 35. Kf3 Re7 36. g4 hxg4+ 37. Kxg4 Re4+ 38.
Kh3 Re3+ 1/2-1/2

[Event "10th EICC"]
[Site "Budva MNE"]
[Date "2009.03.09"]
[Round "4"]
[White "Macieja,B"]
[Black "Durarbeyli,V"]
[Result "1/2-1/2"]
[WhiteElo "2607"]
[BlackElo "2439"]
[EventDate "2009.03.06"]

1. e4 c5 2. Nf3 e6 3. d4 cxd4 4. Nxd4 Nc6 5. Nc3 d6 6. Be3 Nf6 7. Be2 Be7
8. Qd2 a6 9. O-O-O Qc7 10. f4 Bd7 11. g4 Nxd4 12. Bxd4 e5 13. Be3 Bxg4 14.
Bxg4 Nxg4 15. Nd5 Qc6 16. Rhg1 Nxe3 17. Qxe3 Bf6 18. Rg2 exf4 19. Nxf6+
gxf6 20. Qxf4 O-O-O 21. Rg3 Kb8 22. Rgd3 Ka8 23. Rxd6 Rxd6 24. Rxd6 Qa4 25.
a3 Rc8 26. Rd2 Rg8 27. Kb1 Qc4 28. Rd1 Qe2 29. Rc1 Rg2 30. Qxf6 Qxe4 31.
Qxf7 Ka7 32. h3 Rh2 33. Qb3 Qg2 34. Qe3+ Ka8 35. Qe8+ Ka7 36. Qe3+ Ka8 37.
Qe1 Rxh3 38. Rd1 Ka7 39. b3 h5 40. Kb2 Qg7+ 41. Ka2 Qc3 42. Qf2+ Qe3 43.
Qf5 Rh2 44. Kb2 h4 45. Rd8 Rh1 46. Qd3 Qxd3 47. Rxd3 Kb6 48. Rd6+ Kc5 49.
Rd7 Kc6 50. Rh7 h3 51. a4 h2 52. Kc3 Kd5 53. Kb4 b6 54. Rh4 Ke5 55. Kc3 Kf5
56. Kb2 Kg5 1/2-1/2

[Event "10th EICC"]
[Site "Budva MNE"]
[Date "2009.03.09"]
[Round "4"]
[White "Martinovic,Sa"]
[Black "Berg,E"]
[Result "0-1"]
[WhiteElo "2427"]
[BlackElo "2606"]
[EventDate "2009.03.06"]

1. c4 f5 2. Nf3 Nf6 3. g3 g6 4. b4 Bg7 5. Bb2 c6 6. d4 a5 7. b5 cxb5 8.
cxb5 a4 9. Qd3 Ne4 10. Bg2 d5 11. O-O Be6 12. Nfd2 Nd7 13. f3 Nd6 14. e4
Qb6 15. Na3 O-O 16. Kh1 fxe4 17. fxe4 Rxf1+ 18. Rxf1 dxe4 19. Nxe4 Bxa2 20.
Nxd6 exd6 21. Qe2 d5 22. Bc1 Bb3 23. Bf4 Nf6 24. Be5 Qe6 25. Rc1 Nd7 0-1

[Event "10th EICC"]
[Site "Budva MNE"]
[Date "2009.03.09"]
[Round "4"]
[White "L'Ami,E"]
[Black "Savanovic,A"]
[Result "1-0"]
[WhiteElo "2603"]
[BlackElo "2428"]
[EventDate "2009.03.06"]

1. d4 d5 2. c4 e6 3. Nf3 Nf6 4. Nc3 Be7 5. Bg5 O-O 6. e3 h6 7. Bh4 b6 8.
Be2 Bb7 9. Bxf6 Bxf6 10. cxd5 exd5 11. b4 c6 12. O-O a5 13. b5 c5 14. Ne5
cxd4 15. exd4 Bxe5 16. dxe5 d4 17. Na4 Qg5 18. Bg4 Qxe5 19. Nxb6 Ra7 20.
Rb1 Qd6 21. Na4 Be4 22. Rc1 d3 23. Nc5 d2 24. Rc3 Bg6 25. Bf3 Re7 26. Nb3
Rd8 27. Qxd2 Qxd2 28. Nxd2 Rxd2 29. Rc8+ Kh7 30. Rxb8 Rxa2 31. h4 Be4 32.
Re1 f5 33. Rb6 g6 34. h5 gxh5 35. Rf6 Rb2 36. Rxf5 Bxf5 37. Rxe7+ Kg6 38.
Bc6 Bd3 39. Kh2 Rb4 40. Be8+ Kf6 41. Rb7 h4 42. Bc6 a4 43. Ra7 Bxb5 44.
Bxb5 Rxb5 45. Rxa4 Kg5 46. Kh3 Rb3+ 47. f3 Rb2 48. Rxh4 Ra2 49. Rg4+ Kf6
50. Kh4 Ra5 51. Rb4 Ra2 52. Rb6+ Kg7 53. g4 Rh2+ 54. Kg3 Ra2 55. Re6 Ra3
56. Kf4 Rb3 57. Ke4 Ra3 58. f4 Ra4+ 59. Kf5 Ra5+ 60. Re5 Ra7 61. Rd5 Rf7+
62. Ke4 Re7+ 63. Kf3 Ra7 64. Rd6 Ra5 65. Ke4 Rb5 66. f5 Ra5 67. Rd7+ Kg8
68. Re7 Rb5 69. Kf4 Ra5 70. f6 Rb5 71. Rg7+ Kh8 72. g5 hxg5+ 73. Kg4 1-0

[Event "10th EICC"]
[Site "Budva MNE"]
[Date "2009.03.09"]
[Round "4"]
[White "Maksimovic,Br"]
[Black "Sedlak,N"]
[Result "0-1"]
[WhiteElo "2423"]
[BlackElo "2592"]
[EventDate "2009.03.06"]

1. d4 Nf6 2. Nf3 g6 3. c4 Bg7 4. Nc3 d5 5. Bg5 Ne4 6. cxd5 Nxg5 7. Nxg5 e6
8. Nf3 exd5 9. e3 O-O 10. Be2 c6 11. O-O Qd6 12. Qd2 Re8 13. Rab1 Bf5 14.
Bd3 Bg4 15. b4 Bxf3 16. gxf3 Nd7 17. Rfc1 a6 18. a4 b5 19. a5 Nf6 20. Bf1
Rec8 21. Bh3 Rc7 22. Ne2 Ne8 23. Nf4 Qe7 24. Nd3 Nd6 25. Qd1 Nc4 26. Rb3
Qh4 27. Bg2 Bf8 28. f4 Bd6 29. h3 Kh8 30. Qg4 Qe7 31. Rc2 Rg8 32. h4 f6 33.
Re2 Qe8 34. Kf1 Rcg7 35. Bf3 Qf7 36. Ke1 g5 37. fxg5 fxg5 38. h5 h6 39. Kd1
Qf6 40. Kc2 Re7 41. Qh3 Ra8 42. Kc3 Rf8 43. Bg4 Ref7 44. Be6 Rg7 45. Bg4
Qd8 46. Rb1 Re7 47. Bf5 c5 48. dxc5 d4+ 49. Kb3 dxe3 50. fxe3 Bc7 51. Kc3
Bxa5 52. Be6 Bc7 53. Bxc4 bxc4 54. Kxc4 Re4+ 55. Kc3 Qd5 56. Rb3 a5 57.
bxa5 Bxa5+ 58. Kb2 Bd8 59. Nc1 Bf6+ 60. Kb1 Ra4 61. e4 Ra1+ 62. Kc2 Qc4+
0-1

[Event "10th EICC"]
[Site "Budva MNE"]
[Date "2009.03.09"]
[Round "4"]
[White "Jankovic,A"]
[Black "Arsovic,G"]
[Result "1-0"]
[WhiteElo "2571"]
[BlackElo "2426"]
[EventDate "2009.03.06"]

1. d4 Nf6 2. c4 g6 3. Nc3 Bg7 4. e4 d6 5. Nf3 O-O 6. Be2 e5 7. O-O exd4 8.
Nxd4 Re8 9. f3 c6 10. Kh1 a6 11. Nb3 Be6 12. Bg5 h6 13. Bh4 b5 14. c5 g5
15. Bf2 dxc5 16. Nxc5 Nbd7 17. Nxe6 Rxe6 18. Qc2 Ne5 19. Rad1 Rd6 20. g3
Rxd1 21. Nxd1 Qe8 22. Ne3 Ng6 23. Nf5 Bf8 24. Bd4 Qe6 25. a3 a5 26. Rc1 c5
27. Bxf6 Qxf6 28. Bxb5 Rd8 29. Qe2 Qe5 30. a4 Bg7 31. b3 Kh7 32. Bc4 Rd7
33. Rd1 Rxd1+ 34. Qxd1 Qc3 35. Qe2 Ne5 36. Kg2 Bf6 37. Ne3 Qd4 38. Nd5 Bg7
39. Qf2 Qd1 40. Ne3 Qc1 41. f4 Nxc4 42. Nxc4 Bd4 43. Qf1 Qc2+ 44. Kh3 Qxe4
45. fxg5 Qe6+ 46. g4 hxg5 47. Qf3 Qe1 48. Qxf7+ Bg7 49. Qf3 Kh6 50. Nd6 Qe7
1-0

[Event "10th EICC"]
[Site "Budva MNE"]
[Date "2009.03.09"]
[Round "4"]
[White "Chadaev,N"]
[Black "Lubczynski,R"]
[Result "1-0"]
[WhiteElo "2568"]
[BlackElo "2423"]
[EventDate "2009.03.06"]

1. Nf3 Nf6 2. c4 b6 3. g3 e6 4. Bg2 Bb7 5. d4 c5 6. d5 exd5 7. Nh4 g6 8.
Nc3 Bg7 9. O-O O-O 10. cxd5 d6 11. Nf3 Na6 12. Nd2 Nc7 13. Qb3 b5 14. e4
Ba6 15. Re1 b4 16. Nd1 Re8 17. Ne3 Rb8 18. f3 Nb5 19. Qa4 Bc8 20. Ndc4 Bd7
21. Qd1 a5 22. Bd2 Qc7 23. Rc1 a4 24. Nc2 Bc8 25. N2e3 Ra8 26. h3 Bb7 27.
Kh2 Qd8 28. Nc2 Nd7 29. f4 Nb6 30. Nxb6 Qxb6 31. Ne3 a3 32. Nc4 Qd8 33. b3
Bd4 34. Qf3 f6 35. h4 Bc8 36. e5 f5 37. exd6 Nxd6 38. Rxe8+ Nxe8 39. Be3
Bb7 40. Bxd4 cxd4 41. Qd3 Qf6 42. Ne5 Qb6 43. Rd1 Rc8 44. Nc4 Qb5 45. Qxd4
Rd8 46. d6 Bxg2 47. Kxg2 Nxd6 48. Qf6 Qe8 49. Ne5 Nb7 50. Rxd8 Nxd8 51. h5
gxh5 52. Qg5+ Kf8 53. Qxf5+ Kg8 54. Qg5+ Kf8 55. Qf6+ Kg8 56. f5 Nc6 57.
Qg5+ Kf8 58. Qh6+ Kg8 59. f6 1-0

[Event "10th EICC"]
[Site "Budva MNE"]
[Date "2009.03.09"]
[Round "4"]
[White "Neverov,V"]
[Black "Vedmediuc,S"]
[Result "0-1"]
[WhiteElo "2560"]
[BlackElo "2414"]
[EventDate "2009.03.06"]

1. d4 Nf6 2. c4 g6 3. Nc3 Bg7 4. e4 d6 5. Nge2 O-O 6. Ng3 e5 7. d5 a5 8.
Be2 Na6 9. h4 h5 10. Bg5 Qe8 11. Qd2 Nh7 12. Bh6 Qe7 13. Bxg7 Kxg7 14. Nf1
Nc5 15. O-O-O f5 16. exf5 Rxf5 17. f3 Rf4 18. Qe1 Bd7 19. Qf2 Qf6 20. Nd2
e4 21. g3 exf3 22. Nxf3 Ne4 23. Nxe4 Rxe4 24. Bd3 Re7 25. Rdf1 Rae8 26. Qd2
Re3 27. Ng5 Qd4 28. Rf7+ Kg8 29. Bxg6 Qxc4+ 30. Kb1 Nxg5 31. hxg5 Bf5+ 32.
Bxf5 Kxf7 33. Rc1 Re2 34. Qd1 Qb5 35. b3 R8e3 0-1

[Event "10th EICC"]
[Site "Budva MNE"]
[Date "2009.03.09"]
[Round "4"]
[White "Milanovic,Da"]
[Black "Golubovic,B"]
[Result "1-0"]
[WhiteElo "2552"]
[BlackElo "2403"]
[EventDate "2009.03.06"]

1. d4 d5 2. c4 c6 3. e3 Nf6 4. Nc3 g6 5. Bd3 Bg7 6. Nf3 O-O 7. O-O Bg4 8.
h3 Bxf3 9. Qxf3 e6 10. Rd1 Nbd7 11. Bd2 Nb6 12. cxd5 cxd5 13. b3 Rc8 14. a4
a6 15. Qe2 Re8 16. a5 Nbd7 17. f4 Bf8 18. Na4 Ne4 19. Be1 Bd6 20. b4 f5 21.
Nc5 Rc7 22. Bc2 Nf8 23. Ba4 Ree7 24. Rac1 Rg7 25. Nxe4 fxe4 26. Rxc7 Rxc7
27. h4 h6 28. Bb3 Qe7 29. Qd2 Nd7 30. Rb1 Nb8 31. Bd1 Nc6 32. Be2 Na7 33.
Qa2 Qd7 34. h5 gxh5 35. Bxh5 Nb5 36. Qb3 Kh8 37. Bd2 Qe7 38. Bg4 Rc8 39.
Be1 Rc4 40. Bd2 Qf6 41. Rf1 Rc8 42. Bh3 Rc4 43. Be1 Bf8 44. f5 e5 45. dxe5
Qxe5 46. Qd1 d4 47. Qh5 dxe3 48. Qf7 Bd6 49. g3 e2 50. Qxc4 exf1=Q+ 51.
Kxf1 Kg7 52. Qc8 Qe7 53. Bg2 h5 54. Qc4 e3 55. Bf3 Qe5 56. Qd3 Kh6 57. Bxb7
Nd4 58. Be4 e2+ 59. Kg2 Be7 60. Bc3 Bf6 61. Kf2 Qd6 62. Bf3 h4 63. Bxe2
Qxg3+ 64. Qxg3 hxg3+ 65. Kf1 Kg5 66. Bxa6 Kxf5 67. Bc8+ Ke5 68. Bxd4+ Kxd4
69. a6 1-0

[Event "10th EICC"]
[Site "Budva MNE"]
[Date "2009.03.09"]
[Round "4"]
[White "Cvitan,O"]
[Black "Nikac,P"]
[Result "1/2-1/2"]
[WhiteElo "2542"]
[BlackElo "2395"]
[EventDate "2009.03.06"]

1. d4 f5 2. g3 g6 3. Bg2 Nf6 4. Nf3 Bg7 5. b3 c5 6. e3 Ne4 7. O-O Nc6 8.
Bb2 Qa5 9. a3 d6 10. Qc1 e5 11. dxe5 dxe5 12. Nfd2 Nxd2 13. Qxd2 Qxd2 14.
Nxd2 Be6 15. Rfd1 O-O 16. Bxc6 bxc6 17. Nc4 Bxc4 18. bxc4 Rfd8 19. Rab1 Kf7
20. Rxd8 Rxd8 21. Bc3 Ke6 22. Kf1 Rd7 23. Ke2 e4 24. Bxg7 Rxg7 25. a4 Kd6
26. a5 Kc7 27. a6 Rd7 28. h3 h5 29. f3 exf3+ 30. Kxf3 Kc8 31. h4 Re7 32.
Rb3 Re4 33. Rb7 Rxc4 34. Rxa7 Rxc2 35. Rg7 Ra2 36. Rxg6 Kc7 37. Rg5 c4 38.
Rxh5 Ra5 39. Rg5 c3 40. Ke2 Rd5 41. Rg7+ Kb6 42. a7 Rd2+ 43. Ke1 Ra2 44.
a8=Q Rxa8 45. Kd1 Kc5 46. h5 Kc4 47. h6 Ra1+ 48. Kc2 Ra2+ 49. Kc1 Rh2 50.
h7 Kd3 51. Rd7+ Kxe3 52. Rc7 Kd3 53. Rd7+ Ke4 54. Re7+ Kd3 55. Rd7+ Kc4 56.
Rf7 c5 57. Rd7 Kb5 58. Rb7+ 1/2-1/2

[Event "10th EICC"]
[Site "Budva MNE"]
[Date "2009.03.09"]
[Round "4"]
[White "Kreisl,R"]
[Black "Hera,I"]
[Result "1/2-1/2"]
[WhiteElo "2394"]
[BlackElo "2527"]
[EventDate "2009.03.06"]

1. e4 c5 2. Nf3 e6 3. d4 cxd4 4. Nxd4 Nc6 5. Nc3 Qc7 6. Be3 Nf6 7. f4 Bb4
8. Ndb5 Qa5 9. e5 Nd5 10. Bd2 Nxc3 11. bxc3 Bc5 12. Rb1 O-O 13. c4 Qd8 14.
Bd3 Qh4+ 15. g3 Qh3 16. Bf1 Qf5 17. Bd3 Qh3 18. Bf1 Qf5 19. Bd3 1/2-1/2

[Event "10th EICC"]
[Site "Budva MNE"]
[Date "2009.03.09"]
[Round "4"]
[White "Pilaj,H"]
[Black "Savic,Miod1"]
[Result "0-1"]
[WhiteElo "2393"]
[BlackElo "2525"]
[EventDate "2009.03.06"]

1. Nf3 Nf6 2. c4 e6 3. g3 b6 4. Bg2 Bb7 5. Nc3 Be7 6. d4 O-O 7. Qc2 d5 8.
cxd5 Nxd5 9. O-O Nd7 10. Nxd5 exd5 11. Bf4 c5 12. dxc5 bxc5 13. Rfd1 Qb6
14. Rac1 h6 15. b4 c4 16. Nd4 Nf6 17. Nf5 Rfe8 18. Be3 Qa6 19. Bd4 Bf8 20.
b5 Qe6 21. Bxf6 Qxf6 22. Bxd5 Bxd5 23. Rxd5 Rac8 24. Nd4 Rc5 25. Rxc5 Bxc5
26. Nf3 Rc8 27. Kg2 Bb6 28. a4 Qe6 29. e3 c3 30. Rd1 Qc4 31. Rd3 Qxd3 32.
Qxd3 c2 33. a5 Bxa5 34. Qa3 c1=Q 35. Qxa5 Qc5 36. h4 Rc7 37. Qa4 Qd5 38. e4
Qc4 39. Qa5 Qc5 40. Nd4 Kh7 41. Nf5 Qe5 42. Qa4 Rb7 43. h5 Rxb5 44. f4 Qb2+
45. Kh3 Qe2 46. Qd4 Qxh5+ 47. Kg2 Qe2+ 48. Kh3 Qf1+ 49. Kh2 Qe2+ 50. Kh3
Qh5+ 51. Kg2 Qg4 52. Qc3 Rb1 0-1

[Event "10th EICC"]
[Site "Budva MNE"]
[Date "2009.03.09"]
[Round "4"]
[White "Ibarra Jerez,JC"]
[Black "Atakisi,U"]
[Result "1/2-1/2"]
[WhiteElo "2513"]
[BlackElo "2393"]
[EventDate "2009.03.06"]

1. e4 c5 2. Nf3 Nc6 3. Nc3 g6 4. d4 cxd4 5. Nxd4 Bg7 6. Be3 Nf6 7. Bc4 Qa5
8. O-O O-O 9. Nb3 Qc7 10. Bg5 a6 11. Be2 d6 12. Qd2 b5 13. a4 b4 14. Bxf6
exf6 15. Nd5 Qb8 16. a5 f5 17. exf5 Bxf5 18. Bf3 Ra7 19. Ne3 Bd7 20. Rab1
Ne5 21. Bd5 Ng4 22. Nxg4 Bxg4 23. Nd4 Rc7 24. Nc6 Qb5 25. Nxb4 Bh6 26. Qd4
Bf5 27. Qb6 Rc5 28. c4 Qxa5 29. Qxa5 Rxa5 30. Rbd1 Ra4 31. Nc6 Bc2 32. Ra1
Bg7 33. Rxa4 Bxa4 34. Ne7+ Kh8 35. Ra1 Re8 36. Rxa4 Rxe7 37. g3 Bxb2 38.
Rxa6 Rd7 39. Bc6 Re7 40. Bb5 Re6 41. Bd7 Re4 42. Rxd6 Rxc4 43. Be8 Rc7 44.
Rd7 Rxd7 45. Bxd7 1/2-1/2

[Event "10th EICC"]
[Site "Budva MNE"]
[Date "2009.03.09"]
[Round "4"]
[White "Lajthajm,B"]
[Black "Pankov,Ger"]
[Result "1/2-1/2"]
[WhiteElo "2502"]
[BlackElo "2392"]
[EventDate "2009.03.06"]

1. d4 d5 2. Nf3 Nf6 3. c4 c6 4. Nc3 dxc4 5. a4 Bf5 6. e3 e6 7. Bxc4 Bb4 8.
O-O Nbd7 9. h3 O-O 10. Nh4 Ne4 11. Nxf5 exf5 12. Qf3 Nd6 13. Bd3 Qa5 14.
Na2 Qxa4 15. b3 Qa5 16. Bb2 Rfd8 17. Rfd1 Nf6 18. d5 Nfe4 19. Qf4 cxd5 20.
f3 Bc5 21. fxe4 Qb6 22. Qg3 Bxe3+ 23. Kh1 d4 24. exf5 Qxb3 25. f6 g6 26.
Bc3 dxc3 27. Qxe3 c2 28. Re1 Nf5 29. Bxf5 Qxe3 30. Rxe3 Rd1+ 31. Re1 Rxa1
32. Rxa1 gxf5 33. Nb4 Rc8 34. Rc1 a5 35. Nxc2 h6 36. Kg1 b5 37. Rb1 Rxc2
38. Rxb5 a4 39. Ra5 Ra2 40. Rxf5 Kh7 41. g4 Rb2 1/2-1/2

[Event "10th EICC"]
[Site "Budva MNE"]
[Date "2009.03.09"]
[Round "4"]
[White "Todorovic,GN"]
[Black "Stanojoski,Z"]
[Result "1/2-1/2"]
[WhiteElo "2389"]
[BlackElo "2493"]
[EventDate "2009.03.06"]

1. c4 Nf6 2. Nf3 c6 3. g3 d5 4. b3 Bg4 5. Bg2 e6 6. Bb2 Nbd7 7. O-O Bd6 8.
d3 O-O 9. Nbd2 Qc7 10. a3 a5 11. cxd5 cxd5 12. Nd4 Rfc8 13. h3 Bh5 14. N2f3
Bxf3 15. Bxf3 Be5 16. e3 Qd8 17. Qd2 Nc5 18. Rfb1 Nfd7 19. Qd1 Qf6 20. b4
axb4 21. axb4 Na6 1/2-1/2

[Event "10th EICC"]
[Site "Budva MNE"]
[Date "2009.03.09"]
[Round "4"]
[White "Simacek,P"]
[Black "Tomic,Bos"]
[Result "1-0"]
[WhiteElo "2493"]
[BlackElo "2384"]
[EventDate "2009.03.06"]

1. e4 c5 2. Nf3 Nc6 3. Nc3 g6 4. d4 cxd4 5. Nxd4 Bg7 6. Be3 Nf6 7. Bc4 Qa5
8. O-O O-O 9. Nb3 Qc7 10. f4 d6 11. Be2 Be6 12. Nd5 Bxd5 13. exd5 Nb4 14.
c4 b5 15. a3 bxc4 16. axb4 cxb3 17. Bb5 Rab8 18. Bc6 Rxb4 19. Rxa7 Qc8 20.
Rxe7 Qd8 21. Ra7 Re4 22. Re1 Ng4 23. Qxg4 Rxe3 24. Rxe3 Bd4 25. Kh1 Bxe3
26. Rb7 Qa5 27. Qd1 Bb6 28. Qc1 Rc8 29. f5 Rc7 30. Rb8+ Kg7 31. Re8 Qxd5
32. f6+ Kxf6 33. Qf4+ Qf5 34. Qxd6+ Kg7 35. Qf8+ Kf6 36. Qd6+ Kg7 37. Qf8+
Kf6 38. Qh8+ Kg5 39. Re5 Rxc6 40. Rxf5+ Kxf5 41. g3 Rc1+ 42. Kg2 Rc2+ 43.
Kf1 Rf2+ 44. Ke1 Rxh2 45. Qb8 Ba5+ 46. Kf1 Rh5 47. Qd6 Ke4 48. Kg2 Re5 49.
Qd7 Rc5 50. Qe7+ Kd4 51. Qxf7 Rc2+ 52. Kf3 Bc3 53. Qd7+ Kc4 54. bxc3 b2 55.
Qd4+ Kb3 56. Qb4+ Ka2 57. Qa4+ Kb1 58. Qe4 1-0